00865nam a2200169 a 450000100100000000500170001000800410002704000250006824501450009326000540023830000280029250400740032071000730039495201050046795201060057299900170067800004206620201002035922.0131112s1992 cr 000 0 spa d aDO-SdBNPbspacBNPHU00aCompilación de instrumentos jurídicos interamericanos relativos al asilo diplomático, asilo territorial, extradición y temas anexos. aSan José, Costa Rica :bNaciones Unidas,c1992. a245 p. :bil. ;c25 cm. aIncluye referencias bibliográficas y notas al pie de las págianas2 aAlto Comisionado de las Naciones Unidadas para los Refugiados969055 001050718MOaPDbPDcCTd2013-11-12iLF1l0o p42066-10r2020-06-25w2020-06-25y1ZNo se presta 0010507-18MOaPDbPDcOId2013-11-12iLF1l0o p42067-10r2020-06-25w2020-06-25y1ZNo se presta c41555d41555